| Tag |
First Indicator |
Second Indicator |
Subfields |
| LEADER |
00000cam a2200000 a 4500 |
| 001 |
in00000019152 |
| 005 |
20151007054200.0 |
| 007 |
he bmb||||||| |
| 008 |
850607r19851983oru bb 00010 eng d |
| 035 |
|
|
|a (OCoLC)12129947
|
| 035 |
|
|
|9 AAB4238AM
|
| 040 |
|
|
|a ORU
|c MIA
|d MIA
|d HPE
|d m/c
|d TXA
|d UtOrBLW
|
| 043 |
|
|
|a n-us-nc
|
| 049 |
|
|
|a TXAI
|
| 099 |
|
|
|a fiche
|a C
|a 8497
|
| 100 |
1 |
|
|a Haynes, David John.
|
| 245 |
1 |
4 |
|a The history of intercollegiate soccer at the University of North Carolina at Chapel Hill (1947-1981) /
|c by David John Haynes.
|
| 264 |
|
1 |
|a [Place of publication not identified] :
|b [publisher not identified] ;
|c 1983.
|
| 300 |
|
|
|a 84 leaves.
|
| 336 |
|
|
|a text
|b txt
|2 rdacontent
|
| 337 |
|
|
|a microform
|b h
|2 rdamedia
|
| 338 |
|
|
|a microfiche
|b he
|2 rdacarrier
|
| 502 |
|
|
|b M.A.
|c University of North Carolina at Chapel Hill
|d 1983.
|
| 504 |
|
|
|a Bibliography: leaves 76-84.
|
| 533 |
|
|
|a Microfiche.
|b Eugene :
|c Microform Publications, College of Human Development and Performance, University of Oregon,
|d 1985.
|e 1 microfiche : negative ; 11 x 15 cm.
|
| 500 |
|
|
|a Microform.
|
| 650 |
2 |
0 |
|a Soccer
|z University of North Carolina at Chapel Hill
|x History.
|
| 650 |
|
0 |
|a Soccer
|z North Carolina
|x History.
|
| 999 |
|
|
|a MARS
|
| 999 |
f |
f |
|s 5f48b1bb-1cce-3b7b-83d5-4199e3867448
|i 8a5444b4-6e71-3a98-8457-034b2708754f
|t 0
|
| 952 |
f |
f |
|p normal
|a Texas A&M University
|b College Station
|c Sterling C. Evans Library
|d Evans: Microforms (3rd floor)
|t 0
|e fiche C 8497
|h Other scheme
|i microform -- microfiche
|m A14822817365
|
| 998 |
f |
f |
|a fiche C 8497
|t 0
|l Evans: Microforms (3rd floor)
|